[Event "01sen.Chess Org-Pokal -Senioren-"]
[Site "Bad Zwischenahn(30.07.-08-08)"]
[Date "2004.??.??"]
[Round "7.7"]
[White "Kruek, Josef"]
[Black "Schwirz, Horst"]
[Result "1-0"]
[WhiteElo "2005"]
[BlackElo "1505"]
[PlyCount "51"]
[EventDate "2004.08.??"]
[SourceDate "2005.04.17"]

1. e4 e5 2. Bc4 Nf6 3. d3 Be7 4. Nc3 O-O 5. f4 d6 6. Nf3 Bg4 7. O-O Nbd7 8. h3
Bxf3 9. Qxf3 c6 10. f5 h6 11. g4 Nh7 12. Be3 Bh4 13. Kh2 Kh8 14. Ne2 g5 15. d4
Nhf6 16. c3 Qc7 17. Bb3 Kh7 18. Kh1 exd4 19. cxd4 Rae8 20. Nc3 Re7 21. Bg1 Rfe8
22. Bh2 Kg7 23. Rac1 Nxe4 24. Nd5 Nd2 25. f6+ Nxf6 26. Qxf6+ 1-0

[Event "01sen.Chess Org-Pokal -Senioren-"]
[Site "Bad Zwischenahn(30.07.-08-08)"]
[Date "2004.??.??"]
[Round "7.8"]
[White "Weber, Siegfried"]
[Black "Oser, Thor"]
[Result "1-0"]
[WhiteElo "1573"]
[BlackElo "1604"]
[PlyCount "71"]
[EventDate "2004.08.??"]
[SourceDate "2005.04.17"]

1. e4 c5 2. Nf3 Nc6 3. d4 cxd4 4. Nxd4 e6 5. a3 a6 6. Be3 Nf6 7. Nc3 Qc7 8. Be2
Be7 9. O-O b5 10. f3 Bc5 11. Kh1 Qb6 12. Nxc6 Bxe3 13. Ne5 Bb7 14. Nd3 O-O 15.
Qe1 Qc7 16. Nd1 Bb6 17. c3 e5 18. N1f2 d5 19. Ng4 Nxg4 20. fxg4 dxe4 21. Nb4
Rad8 22. Rd1 Rxd1 23. Bxd1 Rd8 24. Bb3 Rd7 25. Qh4 a5 26. Nc2 Qd6 27. Qe1 Bd5
28. Bxd5 Qxd5 29. h3 Qd2 30. Qxe4 f6 31. Qc6 Qd3 32. Rc1 Bf2 33. Qe6+ Kf8 34.
Nd4 Re7 35. Qf5 e4 36. Qxf2 1-0

[Event "01sen.Chess Org-Pokal -Senioren-"]
[Site "Bad Zwischenahn(30.07.-08-08)"]
[Date "2004.??.??"]
[Round "8.1"]
[White "Luecker, Horst"]
[Black "Wicklund-Hansen, Richard"]
[Result "1-0"]
[WhiteElo "1979"]
[BlackElo "2032"]
[PlyCount "117"]
[EventDate "2004.08.??"]
[SourceDate "2005.04.17"]

1. e4 Nc6 2. Nf3 d6 3. d4 Bg4 4. Be3 Nf6 5. Nc3 e5 6. d5 Ne7 7. h3 Bh5 8. Be2
c6 9. Nh2 Bxe2 10. Qxe2 cxd5 11. exd5 Qa5 12. Qb5+ Qxb5 13. Nxb5 Nexd5 14. Bxa7
Rc8 15. Rc1 Nf4 16. g3 Ne6 17. O-O Be7 18. Rfd1 Rd8 19. Nf1 O-O 20. Ne3 g6 21.
Nd5 Nxd5 22. Rxd5 Rd7 23. c4 Nc7 24. Nxc7 Rxc7 25. Be3 Rfc8 26. b3 f5 27. a4 g5
28. Kg2 f4 29. Bd2 Rc6 30. f3 Kf7 31. g4 Ke6 32. Re1 Rc5 33. Rd3 Rd8 34. Bb4
Rc6 35. Rd5 Rd7 36. Bc3 Bf6 37. Bd2 Rc5 38. Rd3 Rc6 39. Rd5 b6 40. Rd1 Rc5 41.
Be1 Rxd5 42. Rxd5 Rc7 43. Bf2 Rc6 44. Rb5 Bd8 45. Kf1 Kd7 46. Ke2 Kc8 47. Kd3
Kb7 48. Ke4 Rc8 49. Bxb6 Bxb6 50. a5 Rc5 51. Rxb6+ Kc7 52. Rb5 Rxb5 53. cxb5
Kb7 54. Kd5 Kc7 55. b6+ Kb7 56. b4 h6 57. b5 Kb8 58. a6 Kc8 59. Kc6 1-0

[Event "01sen.Chess Org-Pokal -Senioren-"]
[Site "Bad Zwischenahn(30.07.-08-08)"]
[Date "2004.??.??"]
[Round "8.2"]
[White "Struck, Bernd Dieter,Dr."]
[Black "Johne, Siegfried"]
[Result "1-0"]
[WhiteElo "1976"]
[BlackElo "1863"]
[PlyCount "69"]
[EventDate "2004.08.??"]
[SourceDate "2005.04.17"]

1. d4 Nf6 2. Bg5 d5 3. Nd2 Bf5 4. e3 Nbd7 5. Ngf3 h6 6. Bh4 e6 7. Nb3 Be7 8.
Bd3 Bxd3 9. Qxd3 Ne4 10. Bxe7 Qxe7 11. O-O O-O 12. c4 b6 13. cxd5 exd5 14. Rac1
Ndf6 15. Rc6 Rfc8 16. Rfc1 Nd6 17. Nbd2 b5 18. b3 a5 19. Qc2 Ra7 20. Qc5 Rb7
21. Ra6 a4 22. bxa4 bxa4 23. Rxa4 Nd7 24. Qa3 Nb6 25. Ra5 Qd7 26. Ne5 Qe8 27.
Qc5 f6 28. Nc6 Kf7 29. h3 Ke6 30. Ra7 Rcb8 31. Ra5 Ra8 32. Nb4 Rba7 33. Rxa7
Rxa7 34. Nxd5 Nxd5 35. Qxa7 1-0

[Event "01sen.Chess Org-Pokal -Senioren-"]
[Site "Bad Zwischenahn(30.07.-08-08)"]
[Date "2004.??.??"]
[Round "8.3"]
[White "Schlachetka, Werner"]
[Black "Budt, Karl-Heinz"]
[Result "1-0"]
[WhiteElo "2066"]
[BlackElo "2028"]
[PlyCount "107"]
[EventDate "2004.08.??"]
[SourceDate "2005.04.17"]

1. e4 c5 2. Nf3 e6 3. d4 cxd4 4. Nxd4 Nf6 5. Nc3 Nc6 6. Ndb5 d6 7. Bf4 e5 8.
Bg5 a6 9. Na3 Be6 10. Nc4 Rc8 11. Ne3 Be7 12. Bxf6 Bxf6 13. Bc4 Nd4 14. Bd5 Bg5
15. O-O Bxe3 16. fxe3 Bxd5 17. exd5 Nb5 18. Nxb5 axb5 19. Qd3 O-O 20. c3 Qb6
21. a3 e4 22. Qxe4 Rfe8 23. Qd4 Qd8 24. Rf4 Rc4 25. Qd2 Qb6 26. Rd4 Rc7 27. Rf1
Rce7 28. Rf3 Re5 29. Kf2 Qc5 30. Qd3 g6 31. g4 Qb6 32. Rb4 Qd8 33. Kg3 Qg5 34.
h4 Qe7 35. Rbf4 Rf8 36. e4 h5 37. g5 Qd7 38. Kf2 Re7 39. Ke2 Ra8 40. Kd2 Ra4
41. Kc2 Qe8 42. Re3 Re5 43. Kb1 Rc4 44. Ka2 Ra4 45. Qe2 b6 46. Qf3 Rc4 47. Re2
Re7 48. Rf6 Qd7 49. Qf4 Re5 50. Rf2 Rc7 51. Rxg6+ Kf8 52. Rh6 Qe7 53. g6 Kg7
54. Rh7+ 1-0

[Event "01sen.Chess Org-Pokal -Senioren-"]
[Site "Bad Zwischenahn(30.07.-08-08)"]
[Date "2004.??.??"]
[Round "8.4"]
[White "Kruek, Josef"]
[Black "Ziltener, Werner"]
[Result "1-0"]
[WhiteElo "2005"]
[BlackElo "1818"]
[PlyCount "51"]
[EventDate "2004.08.??"]
[SourceDate "2005.04.17"]

1. e4 e5 2. Bc4 Nf6 3. d3 Nc6 4. Nc3 Bb4 5. a3 Bxc3+ 6. bxc3 d5 7. exd5 Nxd5 8.
Qf3 Be6 9. Qg3 Qf6 10. Nf3 e4 11. Nd4 Nxd4 12. cxd4 Qxd4 13. Rb1 Qc3+ 14. Bd2
Qxc2 15. Rc1 Qb2 16. dxe4 Ne7 17. Bxe6 fxe6 18. Rxc7 Qb1+ 19. Ke2 Qxe4+ 20. Qe3
Qg4+ 21. Qf3 Qxf3+ 22. gxf3 Nf5 23. Bb4 a5 24. Bxa5 O-O 25. Bb4 Rfd8 26. Rhc1
1-0

[Event "01sen.Chess Org-Pokal -Senioren-"]
[Site "Bad Zwischenahn(30.07.-08-08)"]
[Date "2004.??.??"]
[Round "8.5"]
[White "Gudat, Alfons"]
[Black "Weber, Siegfried"]
[Result "1-0"]
[WhiteElo "1954"]
[BlackElo "1573"]
[PlyCount "41"]
[EventDate "2004.08.??"]
[SourceDate "2005.04.17"]

1. e4 c5 2. Nf3 d6 3. Bb5+ Bd7 4. a4 g6 5. O-O Bg7 6. c3 a6 7. Bc4 Bc6 8. d4
cxd4 9. cxd4 d5 10. exd5 Bxd5 11. Bxd5 Qxd5 12. Nc3 Qd7 13. Bf4 Qf5 14. Qd2 Nf6
15. Rfe1 Nd5 16. Be5 Nf6 17. d5 O-O 18. Bxb8 Raxb8 19. Rxe7 Nd7 20. Rae1 Bf6
21. Nd4 1-0

[Event "01sen.Chess Org-Pokal -Senioren-"]
[Site "Bad Zwischenahn(30.07.-08-08)"]
[Date "2004.??.??"]
[Round "8.6"]
[White "Borger, Martin"]
[Black "Hempel, Guenther"]
[Result "0-1"]
[WhiteElo "1650"]
[BlackElo "1660"]
[PlyCount "108"]
[EventDate "2004.08.??"]
[SourceDate "2005.04.17"]

1. e4 c5 2. Nf3 Nc6 3. d4 cxd4 4. Nxd4 e5 5. Nb5 a6 6. Nd6+ Bxd6 7. Qxd6 Qf6 8.
Qd1 Qg6 9. Nc3 Nge7 10. h4 h5 11. Bg5 b5 12. a3 Bb7 13. Rh3 f5 14. exf5 Nxf5
15. Bd3 Qe6 16. Bxf5 Qxf5 17. Rf3 Qe6 18. Ne4 Nd4 19. Re3 Nf5 20. Re2 Rc8 21.
c3 Rc4 22. Nd2 Nxh4 23. Nxc4 Nxg2+ 24. Kd2 bxc4 25. Kc1 Bf3 26. Rxe5 Qxe5 27.
Qxf3 Qxg5+ 28. Kb1 Nf4 29. Qa8+ Qd8 30. Qxa6 Qc7 31. Qa8+ Qd8 32. Qe4+ Ne6 33.
Ka2 Qf6 34. Qa8+ Qd8 35. Qe4 O-O 36. f3 Rf4 37. Qd5 g6 38. Rg1 Kh7 39. Re1 Qc8
40. a4 Qc7 41. Rd1 Rf7 42. Qa8 Rf8 43. Qe4 Rf5 44. Kb1 Ra5 45. Rh1 Kh6 46. Rd1
Rxa4 47. Qe3+ Kh7 48. Qe4 Qa7 49. Kc2 Qc7 50. Qh4 Kh6 51. Qe7 Ra7 52. Qf6 Kh7
53. Qf7+ Kh6 54. Rg1 Qh2+ 0-1

[Event "01sen.Chess Org-Pokal -Senioren-"]
[Site "Bad Zwischenahn(30.07.-08-08)"]
[Date "2004.??.??"]
[Round "8.7"]
[White "Oser, Thor"]
[Black "Freder, Heinrich"]
[Result "1/2-1/2"]
[WhiteElo "1604"]
[BlackElo "1849"]
[PlyCount "49"]
[EventDate "2004.08.??"]
[SourceDate "2005.04.17"]

1. e4 e5 2. g3 d6 3. Bg2 Nc6 4. d3 g6 5. c4 Bg7 6. Nc3 Nd4 7. h3 Ne7 8. Nge2 c6
9. Nxd4 exd4 10. Ne2 O-O 11. O-O f6 12. b3 c5 13. Bd2 Nc6 14. f4 f5 15. Kh2 Bd7
16. a4 a5 17. Rb1 Qc7 18. Ng1 Ne7 19. Nf3 Kh8 20. Qe2 Rae8 21. Rbe1 Be6 22. Nh4
Bf6 23. Nf3 fxe4 24. dxe4 Ng8 25. Qd3 1/2-1/2

[Event "01sen.Chess Org-Pokal -Senioren-"]
[Site "Bad Zwischenahn(30.07.-08-08)"]
[Date "2004.??.??"]
[Round "8.8"]
[White "Moerger, Karl-Heinz"]
[Black "Bullock, Alfred"]
[Result "1-0"]
[WhiteElo "1817"]
[BlackElo "1499"]
[PlyCount "65"]
[EventDate "2004.08.??"]
[SourceDate "2005.04.17"]

1. e4 c5 2. d4 cxd4 3. Nf3 Nc6 4. Nxd4 Nf6 5. Nc3 d6 6. Be2 e6 7. O-O Be7 8.
Be3 O-O 9. f4 e5 10. Nb3 exf4 11. Rxf4 Ne5 12. Nd5 Ng6 13. Rf1 Nxd5 14. exd5
Bf6 15. Bd4 Bxd4+ 16. Qxd4 Qb6 17. Qxb6 axb6 18. Bb5 Ne5 19. a4 Bd7 20. Nd4 f6
21. Bxd7 Nxd7 22. Nf5 Rfc8 23. Nxd6 Rxc2 24. Rf2 Rxf2 25. Kxf2 Nc5 26. b3 Rd8
27. Nf5 g6 28. Ne3 Ne4+ 29. Kf3 Nc3 30. a5 bxa5 31. Rxa5 Kf8 32. Rc5 Na2 33.
Rc7 1-0

[Event "01sen.Chess Org-Pokal -Senioren-"]
[Site "Bad Zwischenahn(30.07.-08-08)"]
[Date "2004.??.??"]
[Round "8.9"]
[White "Schwirz, Horst"]
[Black "Papworth, Dennis"]
[Result "1/2-1/2"]
[WhiteElo "1505"]
[BlackElo "1489"]
[PlyCount "78"]
[EventDate "2004.08.??"]
[SourceDate "2005.04.17"]

1. d4 Nf6 2. Nf3 d5 3. e3 e6 4. Bd3 Nbd7 5. Nbd2 Be7 6. O-O a6 7. b3 c6 8. Bb2
b5 9. Ne5 Bb7 10. f4 g6 11. Ndf3 O-O 12. Nxd7 Qxd7 13. Ne5 Qc7 14. Rc1 Qa5 15.
Ra1 Ba3 16. Bxa3 Qxa3 17. h4 Qd6 18. g4 Kg7 19. Qf3 Nd7 20. Kh1 f6 21. Nxd7
Qxd7 22. Qg3 f5 23. gxf5 exf5 24. h5 Rf6 25. Rg1 Re8 26. hxg6 hxg6 27. Rae1 Qf7
28. Re2 Rh8+ 29. Rh2 Rxh2+ 30. Qxh2 Qd7 31. Rg3 Rf7 32. Be2 Qe6 33. Bh5 Rf6 34.
Be2 Rf7 35. Rh3 Kf6 36. Qg3 Ke7 37. Qg5+ Qf6 38. Qxf6+ Kxf6 39. Kg2 Kg7 1/2-1/2

[Event "01sen.Chess Org-Pokal -Senioren-"]
[Site "Bad Zwischenahn(30.07.-08-08)"]
[Date "2004.??.??"]
[Round "9.1"]
[White "Struck, Bernd Dieter,Dr."]
[Black "Luecker, Horst"]
[Result "0-1"]
[WhiteElo "1976"]
[BlackElo "1979"]
[PlyCount "145"]
[EventDate "2004.08.??"]
[SourceDate "2005.04.17"]

1. b4 e6 2. Bb2 f5 3. c4 Nf6 4. Qb3 b6 5. d4 Be7 6. Nd2 O-O 7. Ngf3 a5 8. b5
Kh8 9. e3 Bb7 10. Be2 Qe8 11. Ba3 Ne4 12. Bxe7 Qxe7 13. O-O d6 14. Nxe4 Bxe4
15. Nd2 Bb7 16. Bf3 Bxf3 17. Nxf3 Nd7 18. Rac1 e5 19. dxe5 dxe5 20. Qc3 e4 21.
Nd4 Ne5 22. Rcd1 Rae8 23. Rd2 Qc5 24. Rc2 Rf6 25. Nb3 Qe7 26. Nd4 Nd3 27. f4
Qc5 28. Re2 Qb4 29. Qxb4 Nxb4 30. Rc1 g6 31. Rc3 Nd3 32. Rec2 Rd6 33. g3 Kg7
34. Re2 Kf6 35. h4 Re7 36. Kf1 Red7 37. Rcc2 Nc5 38. Red2 Ne6 39. Nb3 a4 40.
Rxd6 Rxd6 41. Nd2 Nc5 42. Ke2 Ke6 43. Nb1 Kd7 44. Nc3 c6 45. bxc6+ Kxc6 46. Rb2
Nd3 47. Rb1 a3 48. Nb5 Rd8 49. Nd4+ Kb7 50. Kd2 Rc8 51. Kc3 Nb2 52. Kb3 Nxc4
53. Re1 Ka6 54. Kb4 Nb2 55. Kxa3 Nd3 56. Re2 Rc3+ 57. Nb3 Kb5 58. h5 Nc1 59.
Re1 Nxb3 60. axb3 gxh5 61. Rh1 Rxe3 62. Rxh5 Rxg3 63. Rxf5+ Kc6 64. Rh5 Rf3 65.
Rxh7 Rxf4 66. Re7 Kd5 67. Kb2 Kd4 68. Rd7+ Ke3 69. Kc2 Ke2 70. Rd2+ Ke3 71. Rd6
b5 72. Ra6 Rf2+ 73. Kc3 0-1

[Event "01sen.Chess Org-Pokal -Senioren-"]
[Site "Bad Zwischenahn(30.07.-08-08)"]
[Date "2004.??.??"]
[Round "9.2"]
[White "Wicklund-Hansen, Richard"]
[Black "Kruek, Josef"]
[Result "1-0"]
[WhiteElo "2032"]
[BlackElo "2005"]
[PlyCount "62"]
[EventDate "2004.08.??"]
[SourceDate "2005.04.17"]

1. Nf3 Nf6 2. g3 d5 3. d3 e6 4. Bg2 Bd6 5. O-O O-O 6. Bg5 Nbd7 7. Nbd2 h6 8.
Bxf6 Nxf6 9. e4 dxe4 10. dxe4 Bc5 11. e5 Nd5 12. a3 a5 13. Ne4 Be7 14. Nfd2 Bd7
15. c4 Nb6 16. Qg4 Bc6 17. b3 Nd7 18. f4 Nc5 19. Rad1 Qd4+ 20. Kh1 Nd3 21. Qe2
Rad8 22. Bf3 Bxa3 23. Qg2 Bb4 24. Nf2 Bxf3 25. Qxf3 Nxf2+ 26. Rxf2 c6 27. Rff1
Bxd2 28. Qg2 Qc3 29. Qe2 Be3 30. Rf3 Rxd1+ 31. Qxd1 Qc1 1-0

[Event "01sen.Chess Org-Pokal -Senioren-"]
[Site "Bad Zwischenahn(30.07.-08-08)"]
[Date "2004.??.??"]
[Round "9.3"]
[White "Gudat, Alfons"]
[Black "Schlachetka, Werner"]
[Result "1-0"]
[WhiteElo "1954"]
[BlackElo "2066"]
[PlyCount "123"]
[EventDate "2004.08.??"]
[SourceDate "2005.04.17"]

1. e4 c5 2. Nf3 Nc6 3. Bb5 d6 4. O-O Bd7 5. Re1 e6 6. c3 Nf6 7. d4 cxd4 8. cxd4
Be7 9. Nc3 a6 10. Bf1 O-O 11. d5 Na7 12. Be3 Nc8 13. a4 e5 14. h3 Ne8 15. g4 g6
16. Bh6 Ng7 17. Bd3 f5 18. gxf5 gxf5 19. Kh2 Rf6 20. Bxg7 Kxg7 21. Rg1+ Kh8 22.
exf5 Bxf5 23. Ne4 Bxe4 24. Bxe4 Qf8 25. Rg2 Rh6 26. Qd2 Bf6 27. Rag1 Ne7 28.
Rg4 Rh5 29. R1g3 Nf5 30. Bxf5 Rxf5 31. Qd3 Rh5 32. Qe4 Rc8 33. Ne1 Rc7 34. Rg8+
Qxg8 35. Rxg8+ Kxg8 36. Qg4+ Rg5 37. Qe6+ Kg7 38. Qxd6 Rc1 39. Nf3 Rf5 40. Kg2
Rc2 41. Qd7+ Kg6 42. Qe8+ Kg7 43. d6 Rf4 44. Nxe5 Rfxf2+ 45. Kg3 Rg2+ 46. Kf4
Bg5+ 47. Kf5 Rcf2+ 48. Ke6 Rf6+ 49. Kd7 Rf8 50. Qe6 Rd8+ 51. Kc7 Rc2+ 52. Kxb7
Rxb2+ 53. Kc7 Rdb8 54. Qd7+ Kg8 55. Qg4 R2b7+ 56. Kc6 Rg7 57. d7 Kf8 58. Qe6
Rd8 59. Kc7 Bh4 60. a5 Be7 61. Nc6 Rg6 62. Qxe7+ 1-0

[Event "01sen.Chess Org-Pokal -Senioren-"]
[Site "Bad Zwischenahn(30.07.-08-08)"]
[Date "2004.??.??"]
[Round "9.4"]
[White "Hempel, Guenther"]
[Black "Budt, Karl-Heinz"]
[Result "1/2-1/2"]
[WhiteElo "1660"]
[BlackElo "2028"]
[PlyCount "44"]
[EventDate "2004.08.??"]
[SourceDate "2005.04.17"]

1. Nf3 c5 2. c4 Nf6 3. Nc3 Nc6 4. g3 e6 5. Bg2 d5 6. cxd5 exd5 7. d4 Be7 8.
dxc5 Bxc5 9. Bg5 d4 10. Bxf6 Qxf6 11. Ne4 Qe7 12. Nxc5 Qxc5 13. a3 O-O 14. Rc1
Qb6 15. Qd2 Bg4 16. O-O Rfe8 17. h3 Bf5 18. Nh4 Be4 19. Rfe1 Bxg2 20. Kxg2 Qb5
21. Nf3 Rad8 22. Rb1 h6 1/2-1/2

[Event "01sen.Chess Org-Pokal -Senioren-"]
[Site "Bad Zwischenahn(30.07.-08-08)"]
[Date "2004.??.??"]
[Round "9.5"]
[White "Johne, Siegfried"]
[Black "Weber, Siegfried"]
[Result "1-0"]
[WhiteElo "1863"]
[BlackElo "1573"]
[PlyCount "77"]
[EventDate "2004.08.??"]
[SourceDate "2005.04.17"]

1. e4 c5 2. Nf3 d6 3. d4 cxd4 4. Nxd4 Nf6 5. Nc3 g6 6. Bc4 Bg7 7. f3 O-O 8. Be3
Nc6 9. Qd2 Nxd4 10. Bxd4 Be6 11. Bxe6 fxe6 12. O-O-O Qa5 13. Kb1 Rfc8 14. g4
Rc4 15. Qe2 Rac8 16. h4 b5 17. Rd2 b4 18. Nd1 e5 19. Be3 Qc7 20. h5 Kf7 21.
hxg6+ hxg6 22. Rh3 Rh8 23. Rxh8 Bxh8 24. Qh2 Qb8 25. Bg5 Bg7 26. Ne3 Rc8 27.
Rd1 Rh8 28. Qg2 Qc7 29. b3 a5 30. Bxf6 Bxf6 31. Nd5 Qc6 32. Qd2 g5 33. Ne3 Rh3
34. Qe2 Qc3 35. Qf1 Rh2 36. Rd3 Qc5 37. Nc4 Qf2 38. Qxf2 Rxf2 39. Nxa5 1-0

[Event "01sen.Chess Org-Pokal -Senioren-"]
[Site "Bad Zwischenahn(30.07.-08-08)"]
[Date "2004.??.??"]
[Round "9.6"]
[White "Borger, Martin"]
[Black "Ziltener, Werner"]
[Result "0-1"]
[WhiteElo "1650"]
[BlackElo "1818"]
[PlyCount "102"]
[EventDate "2004.08.??"]
[SourceDate "2005.04.17"]

1. e4 e5 2. Nf3 Nc6 3. Bc4 Be7 4. Nc3 d6 5. O-O Bg4 6. Be2 Nf6 7. d3 h6 8. h3
Bxf3 9. Bxf3 Nd4 10. Be3 Nxf3+ 11. Qxf3 O-O 12. Rad1 Nh7 13. Nd5 Bg5 14. Bxg5
Nxg5 15. Qf5 c6 16. Ne3 Ne6 17. Qg4 Qg5 18. Qxg5 hxg5 19. Nf5 Rad8 20. g3 g6
21. Ne3 f5 22. exf5 gxf5 23. c3 d5 24. g4 f4 25. Nf5 Ng7 26. Nxg7 Kxg7 27. f3
Kg6 28. Kg2 Rh8 29. c4 dxc4 30. dxc4 Rd4 31. Rxd4 exd4 32. Rd1 c5 33. b4 b6 34.
bxc5 bxc5 35. Rb1 Re8 36. Kf2 Re3 37. Rb5 Ra3 38. Rxc5 Rxa2+ 39. Ke1 d3 40. Rd5
Re2+ 41. Kd1 Re3 42. Kd2 Rxf3 43. Ra5 Rxh3 44. Rxa7 Kf6 45. Ra6+ Ke5 46. Ra5+
Kd4 47. Rxg5 Rh2+ 48. Kd1 Kc3 49. Re5 Ra2 50. Ke1 d2+ 51. Ke2 f3+ 0-1

[Event "01sen.Chess Org-Pokal -Senioren-"]
[Site "Bad Zwischenahn(30.07.-08-08)"]
[Date "2004.??.??"]
[Round "9.7"]
[White "Freder, Heinrich"]
[Black "Schwirz, Horst"]
[Result "1-0"]
[WhiteElo "1849"]
[BlackElo "1505"]
[PlyCount "91"]
[EventDate "2004.08.??"]
[SourceDate "2005.04.17"]

1. d4 Nf6 2. Bg5 Ne4 3. Bf4 c5 4. f3 Qa5+ 5. c3 Nf6 6. e3 cxd4 7. exd4 d5 8.
Bd3 g6 9. Nd2 Bg7 10. Ne2 O-O 11. O-O Nbd7 12. Ng3 Qb6 13. Qc2 Ne8 14. Kh1 e5
15. dxe5 Nxe5 16. Rab1 Nxd3 17. Qxd3 Be6 18. Nb3 d4 19. c4 Rc8 20. Nd2 Nd6 21.
b3 Nf5 22. Nge4 Ne3 23. Rfe1 Nf5 24. g4 Ne7 25. Bd6 f5 26. Bxe7 fxe4 27. Rxe4
Rf7 28. Bh4 Rcf8 29. Rbe1 Bd7 30. Re7 Qc6 31. Rxf7 Rxf7 32. h3 h5 33. Kh2 hxg4
34. hxg4 Bf8 35. Re4 Bd6+ 36. Bg3 Rh7+ 37. Kg2 Bxg3 38. Kxg3 Qd6+ 39. f4 g5 40.
Qxd4 gxf4+ 41. Rxf4 Qc7 42. Ne4 Rf7 43. Nf6+ Kf8 44. Nxd7+ Ke8 45. Nf6+ Kf8 46.
Nd5 1-0

[Event "01sen.Chess Org-Pokal -Senioren-"]
[Site "Bad Zwischenahn(30.07.-08-08)"]
[Date "2004.??.??"]
[Round "9.8"]
[White "Papworth, Dennis"]
[Black "Oser, Thor"]
[Result "0-1"]
[WhiteElo "1489"]
[BlackElo "1604"]
[PlyCount "102"]
[EventDate "2004.08.??"]
[SourceDate "2005.04.17"]

1. e4 c5 2. Nf3 Nc6 3. Nc3 a6 4. d3 e6 5. Be2 Be7 6. O-O d6 7. a3 Nf6 8. Bd2
O-O 9. h3 Qc7 10. Qc1 Nd4 11. Re1 Nxe2+ 12. Rxe2 b5 13. Re1 Bb7 14. Bf4 e5 15.
Be3 b4 16. Ne2 d5 17. exd5 Nxd5 18. Ng3 Rfe8 19. Qd1 Rad8 20. axb4 cxb4 21. Bd2
Bf8 22. Bg5 f6 23. Bd2 Rc8 24. Rc1 a5 25. c3 Qd7 26. Nh4 Nf4 27. Bxf4 exf4 28.
Rxe8 Rxe8 29. Ne2 g5 30. Nf3 Bxf3 31. gxf3 Qxh3 32. Nd4 Bc5 33. Qb3+ Kg7 34.
Qd5 Bxd4 35. cxd4 Re7 36. Rf1 g4 37. Qf5 Qxf3 38. Qh5 Re2 39. d5 Rd2 40. d6
Rxd3 41. Qe8 g3 42. Qe1 Qd5 43. Qe7+ Kg6 44. Qe8+ Kg5 45. Qf8 Qf5 46. Qg8+ Kh4
47. Qg7 h5 48. Qe7 gxf2+ 49. Kxf2 Qc5+ 50. Kg2 Rg3+ 51. Kh1 Qc6+ 0-1

[Event "01.Chess Org-Pokal -Open-"]
[Site "Bad Zwischenahn(30.07.-08.08)"]
[Date "2004.??.??"]
[Round "1.1"]
[White "Rotstein, Arkadij"]
[Black "Lange, Detlef"]
[Result "1-0"]
[WhiteElo "2462"]
[BlackElo "1659"]
[PlyCount "67"]
[EventDate "2004.08.??"]
[SourceDate "2005.04.17"]

1. e4 c6 2. c4 e5 3. Nf3 d6 4. d4 Nd7 5. Nc3 Qb6 6. Be2 Ne7 7. Rb1 Ng6 8. Be3
Qc7 9. O-O Be7 10. d5 c5 11. b4 a6 12. Na4 Nf4 13. bxc5 Nxe2+ 14. Qxe2 dxc5 15.
Qc2 Nf6 16. Nb6 Rb8 17. Nxc8 Rxc8 18. Rb3 O-O 19. Rfb1 Rb8 20. Qb2 Bd6 21. Nd2
Ng4 22. Rxb7 Rxb7 23. Qxb7 Qa5 24. Nf1 Qxa2 25. Rb6 Nxe3 26. Nxe3 f5 27. Nxf5
Rf7 28. Qc8+ Bf8 29. h4 Qxc4 30. f3 Qc1+ 31. Kh2 Qf4+ 32. Kh3 g5 33. Qe6 gxh4
34. Rb7 1-0

[Event "01.Chess Org-Pokal -Open-"]
[Site "Bad Zwischenahn(30.07.-08.08)"]
[Date "2004.??.??"]
[Round "1.2"]
[White "Burghardt, Bernd,Dr."]
[Black "Fish, Gennadij"]
[Result "0-1"]
[WhiteElo "1591"]
[BlackElo "2545"]
[PlyCount "40"]
[EventDate "2004.08.??"]
[SourceDate "2005.04.17"]

1. e4 c5 2. d3 Nc6 3. g3 g6 4. Nc3 Bg7 5. Bg2 Rb8 6. f4 b5 7. a3 d6 8. Nf3 e6
9. O-O Nge7 10. Ne2 O-O 11. c3 d5 12. e5 d4 13. Kh1 Ba6 14. a4 dxc3 15. bxc3 b4
16. c4 Nf5 17. Ng5 Ncd4 18. Qd2 Nb3 19. Qb2 Nxa1 20. Be4 Nd4 0-1

[Event "01.Chess Org-Pokal -Open-"]
[Site "Bad Zwischenahn(30.07.-08.08)"]
[Date "2004.??.??"]
[Round "1.4"]
[White "Billen, Hans-Juergen"]
[Black "Lichman, Peter"]
[Result "0-1"]
[WhiteElo "1502"]
[BlackElo "2162"]
[PlyCount "44"]
[EventDate "2004.08.??"]
[SourceDate "2005.04.17"]

1. d4 Nf6 2. c4 g6 3. Nc3 Bg7 4. e4 d6 5. Nf3 O-O 6. Be2 e5 7. d5 Ne8 8. O-O f5
9. exf5 gxf5 10. Ng5 Qe7 11. f4 h6 12. Nh3 e4 13. g4 fxg4 14. Bxg4 Bf5 15. Bxf5
Rxf5 16. Nf2 Nf6 17. Re1 Nbd7 18. Nfxe4 Nxe4 19. Nxe4 Qh4 20. Ng3 Rf7 21. Qh5
Qf6 22. Nf5 Qxf5 0-1

[Event "01.Chess Org-Pokal -Open-"]
[Site "Bad Zwischenahn(30.07.-08.08)"]
[Date "2004.??.??"]
[Round "1.5"]
[White "Bohnstorff, Michael"]
[Black "Afken, Jonas"]
[Result "1-0"]
[WhiteElo "2025"]
[BlackElo "1495"]
[PlyCount "39"]
[EventDate "2004.08.??"]
[SourceDate "2005.04.17"]

1. d4 Nf6 2. Nf3 d6 3. c3 Nbd7 4. Bf4 g6 5. h3 Bg7 6. e3 c6 7. Nbd2 Qc7 8. Qb3
O-O 9. Be2 e5 10. dxe5 dxe5 11. Bh2 Re8 12. Rd1 Nc5 13. Qb4 Bf8 14. Qh4 Ncd7
15. Nc4 Nh5 16. Ng5 Ndf6 17. g4 Ng7 18. Nd2 Rd8 19. Bc4 h6 20. Bxf7+ 1-0

[Event "01.Chess Org-Pokal -Open-"]
[Site "Bad Zwischenahn(30.07.-08.08)"]
[Date "2004.??.??"]
[Round "1.6"]
[White "Wempe, Moritz"]
[Black "Bartels, Holger"]
[Result "0-1"]
[WhiteElo "1491"]
[BlackElo "2095"]
[PlyCount "42"]
[EventDate "2004.08.??"]
[SourceDate "2005.04.17"]

1. e4 c5 2. Nf3 Nc6 3. Nc3 g6 4. d4 cxd4 5. Nxd4 Bg7 6. Be3 d6 7. Be2 Nf6 8.
Qd2 O-O 9. O-O-O Nxd4 10. Bxd4 Be6 11. h4 Qa5 12. a3 a6 13. h5 Rac8 14. hxg6
fxg6 15. Be3 Ng4 16. Bxg4 Bxg4 17. f3 Rxc3 18. bxc3 Qxa3+ 19. Kb1 Be6 20. Qd3
Ba2+ 21. Ka1 Bc4+ 0-1

[Event "01.Chess Org-Pokal -Open-"]
[Site "Bad Zwischenahn(30.07.-08.08)"]
[Date "2004.??.??"]
[Round "1.7"]
[White "Kroencke, Manfred"]
[Black "Dopychai, Reent"]
[Result "1-0"]
[WhiteElo "2147"]
[BlackElo "1489"]
[PlyCount "63"]
[EventDate "2004.08.??"]
[SourceDate "2005.04.17"]

1. e4 e5 2. Nf3 Nc6 3. Bb5 a6 4. Bxc6 dxc6 5. O-O Bg4 6. h3 Bh5 7. g4 Bg6 8.
Nxe5 Qh4 9. Qf3 Nf6 10. d3 Bd6 11. Nc4 h5 12. Nxd6+ cxd6 13. g5 Ng4 14. hxg4
hxg4 15. Qg2 Qh3 16. Bf4 O-O-O 17. Qxh3 gxh3 18. Kh2 Bh5 19. Nd2 Rh7 20. Nc4
Rdh8 21. Nxd6+ Kd7 22. Nxb7 Bf3 23. Nc5+ Ke8 24. Nxa6 Rh4 25. Bg3 Rg4 26. a4
Rxg5 27. a5 g6 28. Nc7+ Kd7 29. a6 f5 30. a7 f4 31. a8=Q fxg3+ 32. fxg3 1-0

[Event "01.Chess Org-Pokal -Open-"]
[Site "Bad Zwischenahn(30.07.-08.08)"]
[Date "2004.??.??"]
[Round "1.8"]
[White "Rulfs, Ernst-August"]
[Black "Molzahn, Norbert"]
[Result "0-1"]
[WhiteElo "1386"]
[BlackElo "1975"]
[PlyCount "34"]
[EventDate "2004.08.??"]
[SourceDate "2005.04.17"]

1. c4 c5 2. Nc3 Nc6 3. Nf3 g6 4. g3 Bg7 5. Bg2 Nf6 6. O-O O-O 7. d4 cxd4 8.
Nxd4 Nxd4 9. Qxd4 d6 10. f4 Ng4 11. Qd3 Be6 12. h3 Qb6+ 13. e3 Nf6 14. Kh2 Rac8
15. b3 d5 16. Bb2 dxc4 17. Qd4 Ng4+ 0-1